<?xml version="1.0" encoding="UTF-8"?>
<record
    xmlns:xsi="http://www.w3.org/2001/XMLSchema-instance"
    xsi:schemaLocation="http://www.loc.gov/MARC21/slim http://www.loc.gov/standards/marcxml/schema/MARC21slim.xsd"
    xmlns="http://www.loc.gov/MARC21/slim">

  <leader>02457nam a2200421 a 4500</leader>
  <controlfield tag="001">000012923</controlfield>
  <controlfield tag="005">20200929163112.0</controlfield>
  <controlfield tag="008">091118s2001    dr abc        000 0 spa d</controlfield>
  <datafield tag="020" ind1=" " ind2=" ">
    <subfield code="a">8482613669 (v. 1)</subfield>
  </datafield>
  <datafield tag="020" ind1=" " ind2=" ">
    <subfield code="a">8482613634 (v. 2)</subfield>
  </datafield>
  <datafield tag="020" ind1=" " ind2=" ">
    <subfield code="a">8482613642 (v. 3)</subfield>
  </datafield>
  <datafield tag="020" ind1=" " ind2=" ">
    <subfield code="a">8482613650 (v. 4)</subfield>
  </datafield>
  <datafield tag="040" ind1=" " ind2=" ">
    <subfield code="a">DO-SdBNP</subfield>
    <subfield code="b">spa</subfield>
    <subfield code="c">BNPHU</subfield>
  </datafield>
  <datafield tag="082" ind1=" " ind2=" ">
    <subfield code="a">372.83</subfield>
    <subfield code="b">S678</subfield>
  </datafield>
  <datafield tag="245" ind1="0" ind2="0">
    <subfield code="a">Sociedad :</subfield>
    <subfield code="b">educaci&#xF3;n media /</subfield>
    <subfield code="c">Ignacio Aybar, [et.al]...; direcci&#xF3;n editorial Obdulia Garc&#xED;a de Escobar; ilustraci&#xF3;n Ruddy N&#xFA;&#xF1;ez; fotograf&#xED;a Carlos Diez Polanco, Ricardo Briones.</subfield>
  </datafield>
  <datafield tag="260" ind1=" " ind2=" ">
    <subfield code="a">Santo Domingo :</subfield>
    <subfield code="b">Santillana,</subfield>
    <subfield code="c">2001.</subfield>
  </datafield>
  <datafield tag="300" ind1=" " ind2=" ">
    <subfield code="a">v. :</subfield>
    <subfield code="b">il., maps., retrs. ;</subfield>
    <subfield code="c">28 cm.</subfield>
  </datafield>
  <datafield tag="490" ind1="1" ind2=" ">
    <subfield code="a">Umbral</subfield>
  </datafield>
  <datafield tag="505" ind1="0" ind2=" ">
    <subfield code="g">v. 1 :</subfield>
    <subfield code="t">Historia y geograf&#xED;a universal --</subfield>
    <subfield code="t">La historia y el origen de la humanidad --</subfield>
    <subfield code="t">Las primeras civilizaciones --</subfield>
    <subfield code="t">Del feudalismo al capitalismo --</subfield>
    <subfield code="t">El mundo contempor&#xE1;neo --</subfield>
    <subfield code="t">Descubre tu planeta... la tierra --</subfield>
    <subfield code="t">Geograf&#xED;a humana: poblaci&#xF3;n y espacio humanizado --</subfield>
  </datafield>
  <datafield tag="505" ind1="0" ind2=" ">
    <subfield code="g">v. 2 :</subfield>
    <subfield code="t">Historia y geograf&#xED;a de Am&#xE9;rica --</subfield>
    <subfield code="t">Am&#xE9;rica precolombina y Europa en el siglo XV --</subfield>
    <subfield code="t">Descubrimiento y colonizaci&#xF3;n --</subfield>
    <subfield code="t">Las independencias americanas --</subfield>
    <subfield code="t">Am&#xE9;rica en el siglo XX --</subfield>
    <subfield code="t">Descubre tu continente... Am&#xE9;rica --</subfield>
    <subfield code="t">La poblaci&#xF3;n y el espacio organizado --</subfield>
  </datafield>
  <datafield tag="505" ind1="0" ind2=" ">
    <subfield code="g">v. 3 :</subfield>
    <subfield code="t">Historia y geograf&#xED;a de la Rep&#xFA;blica Dominicana --</subfield>
    <subfield code="t">La colonizaci&#xF3;n en la isla de Santo Domingo --</subfield>
    <subfield code="t">Emancipaci&#xF3;n y vida republicana --</subfield>
    <subfield code="t">La formaci&#xF3;n del estado moderno --</subfield>
    <subfield code="t">La primera mitad del siglo XX --</subfield>
    <subfield code="t">Descubre nuestro pa&#xED;s... --</subfield>
  </datafield>
  <datafield tag="505" ind1="0" ind2=" ">
    <subfield code="g">v. 4 :</subfield>
    <subfield code="t">La Rep&#xFA;blica Dominicana hoy --</subfield>
    <subfield code="t">Luchas democr&#xE1;ticas y procesos pol&#xED;ticos --</subfield>
    <subfield code="t">Pol&#xED;tica y sociedad a partir de 1965 --</subfield>
    <subfield code="t">El espacio econ&#xF3;mico y la poblaci&#xF3;n --</subfield>
    <subfield code="t">La Rep&#xFA;blica Dominicana y la globalizaci&#xF3;n --</subfield>
  </datafield>
  <datafield tag="500" ind1=" " ind2=" ">
    <subfield code="a">Educaci&#xF3;n media</subfield>
  </datafield>
  <datafield tag="650" ind1=" " ind2="4">
    <subfield code="a">Historia dominicana</subfield>
    <subfield code="x">Ense&#xF1;anza secundaria</subfield>
    <subfield code="9">29823</subfield>
  </datafield>
  <datafield tag="650" ind1=" " ind2="4">
    <subfield code="a">Historia</subfield>
    <subfield code="x">Libro de texto</subfield>
    <subfield code="9">29824</subfield>
  </datafield>
  <datafield tag="650" ind1=" " ind2="4">
    <subfield code="a">Ciencias sociales</subfield>
    <subfield code="x">Ense&#xF1;anza secundaria</subfield>
    <subfield code="9">29825</subfield>
  </datafield>
  <datafield tag="700" ind1="1" ind2=" ">
    <subfield code="a">Briones, Ricardo</subfield>
    <subfield code="e">fot.</subfield>
    <subfield code="9">29826</subfield>
  </datafield>
  <datafield tag="700" ind1="1" ind2=" ">
    <subfield code="a">Aybar, Ignacio</subfield>
    <subfield code="9">29767</subfield>
  </datafield>
  <datafield tag="700" ind1="1" ind2=" ">
    <subfield code="a">Capell&#xE1;n Almonte, Fanny</subfield>
    <subfield code="9">29766</subfield>
  </datafield>
  <datafield tag="700" ind1="1" ind2=" ">
    <subfield code="a">Escobar, Manuel</subfield>
    <subfield code="9">29827</subfield>
  </datafield>
  <datafield tag="700" ind1="1" ind2=" ">
    <subfield code="a">Diez Polanco, Carlos</subfield>
    <subfield code="e">fot.</subfield>
    <subfield code="9">29828</subfield>
  </datafield>
  <datafield tag="700" ind1="1" ind2=" ">
    <subfield code="a">Lora, Quisqueya</subfield>
    <subfield code="9">29829</subfield>
  </datafield>
  <datafield tag="700" ind1="1" ind2=" ">
    <subfield code="a">Morales, Marcos</subfield>
    <subfield code="9">29769</subfield>
  </datafield>
  <datafield tag="700" ind1="1" ind2=" ">
    <subfield code="a">De la Cruz, Mar&#xED;a Ramona</subfield>
    <subfield code="9">29830</subfield>
  </datafield>
  <datafield tag="700" ind1="1" ind2=" ">
    <subfield code="a">Garca Escobar, Obdulia,</subfield>
    <subfield code="e">dir. ed.</subfield>
    <subfield code="9">29770</subfield>
  </datafield>
  <datafield tag="700" ind1="1" ind2=" ">
    <subfield code="a">N&#xFA;&#xF1;ez, Ruddy,</subfield>
    <subfield code="e">il.</subfield>
    <subfield code="9">23171</subfield>
  </datafield>
  <datafield tag="830" ind1=" " ind2="0">
    <subfield code="a">Umbral</subfield>
    <subfield code="9">29222</subfield>
  </datafield>
  <datafield tag="952" ind1=" " ind2=" ">
    <subfield code="0">0</subfield>
    <subfield code="1">0</subfield>
    <subfield code="7">1</subfield>
    <subfield code="8">PD</subfield>
    <subfield code="a">PD</subfield>
    <subfield code="b">PD</subfield>
    <subfield code="c">CT</subfield>
    <subfield code="d">2009-11-18</subfield>
    <subfield code="i">LF1</subfield>
    <subfield code="l">0</subfield>
    <subfield code="o">372.83 S678</subfield>
    <subfield code="p">12923-10</subfield>
    <subfield code="r">2020-06-25</subfield>
    <subfield code="w">2020-06-25</subfield>
    <subfield code="y">LFPD</subfield>
    <subfield code="Z">No se presta</subfield>
  </datafield>
  <datafield tag="999" ind1=" " ind2=" ">
    <subfield code="c">12571</subfield>
    <subfield code="d">12571</subfield>
  </datafield>
</record>
